[Event "Sachsen-Anhalt Landesliga-A 1920"]
[Site "Sachsen Anhalt"]
[Date "2019.09.29"]
[Round "1.3"]
[White "Wandsleb, Erik"]
[Black "Domsgen, Bernd"]
[Result "1/2-1/2"]
[WhiteElo "1838"]
[BlackElo "1827"]
[PlyCount "120"]
[EventDate "2019.09.29"]
[EventType "team-tourn"]
[EventRounds "9"]
[EventCountry "GER"]
[SourceTitle "EXT 2023"]
[Source "ChessBase"]
[SourceDate "2022.10.05"]
[SourceVersion "1"]
[SourceVersionDate "2022.10.05"]
[SourceQuality "1"]
[WhiteTeam "Calbe TSG"]
[BlackTeam "Burger Schwarz Weiss"]
[WhiteTeamCountry "GER"]
[BlackTeamCountry "GER"]

1. d4 Nf6 2. c4 g6 3. Nc3 Bg7 4. e4 d6 5. Be2 0-0 6. h4 h5 7. Nf3 Bg4 8. 0-0 Nc6 9. Be3 Nh7 10. g3 e5 11. d5 Ne7 12. Ng5 Bxe2 13. Qxe2 Nxg5 14. hxg5 f5 15. gxf6 Rxf6 16. Kg2 Qd7 17. Rh1 Raf8 18. Raf1 R8f7 19. b4 a6 20. c5 c6 21. cxd6 Nc8 22. dxc6 Qxc6 23. Nd5 Rxd6 24. Rc1 Qe8 25. Rxc8 Qxc8 26. Rc1 Qg4 27. f3 Qe6 28. b5 Rxd5 29. exd5 Qxd5 30. Rc5 Qe6 31. bxa6 bxa6 32. Ra5 e4 33. f4 Rb7 34. Rxa6 Qd5 35. Rb6 Rc7 36. Rxg6 Qd3 37. Qxd3 exd3 38. Rd6 Rc2+ 39. Kf3 Rxa2 40. Rxd3 Ra5 41. Ke4 Bf6 42. Bd4 Kf7 43. Be5 Be7 44. Kf5 Rb5 45. Rd7 Ra5 46. Rc7 Rb5 47. Rc6 Rb3 48. Rg6 Rb5 49. Rg7+ Kf8 50. Kg6 h4 51. g4 Rb6+ 52. Kf5 Rh6 53. g5 Rh5 54. Kg4 h3 55. f5 h2 56. Bxh2 Rxh2 57. f6 Bxf6 58. gxf6 Rg2+ 59. Kf5 Rxg7 60. fxg7+ Kxg7 1/2-1/2